000
00302nam a2200145Ia 4500
100
_a
Granjon/ H.
942
_c
BK
654
_a
Welding
245
_a
Fund of Welding Metallurgy
260
_b
Jaico Pub
_a
Bombay
_c
1994
082
_a
671.52
_b
GRA
300
_a
210
546
_a
ENGLISH
999
_c
17778
_d
17778